000 00873nas a2200301 4500
001 BR0805207
003 BR-BrBNA
005 20231205112407.0
007 ta
008 230509b bl.|||p| |||| 00| 00por d
040 _aBR-BrBNA
_bpor
_cBiblioteca Nacional de Agricultura
041 _a(Pt)
072 _aF30; Q04
100 1 _aSantos, R.C.S.
100 1 _aDantas, A.C.V.L.
100 1 _aFonseca, A.A.O.
100 1 _aSilva, S.A.
100 1 _aLordelo, L.S.
100 1 _aSantos, K.V. dos
245 1 _aDispersão da variabilidade fenotípica de jenipapeiros de Cruz das Almas, Bahia
650 _aJENIPAPO
650 _aVARIAÇÃO GENETICA
650 _aQUALIDADE
650 _aBAHIA
773 0 _tMagistra (Brazil)
_xISSN 0102-5222
_g(Oct-Dec 2007), v. 19(4) p. 337-345
_wBR0805207
909 _a202311
_bLúcia
_c55
_dLúcia Elande
942 _2AGRIS
_n0
_cANA
999 _c197824
_d197824